Words Both Ways Quiz Stats

 Plays Quiz not verified by Sporcle

Score 0/16 Timer 05:00
0 Plays Today
Forwards Words % Correct
Snoopy or ScoobyDog
91.5%
Uppermost Top
88.9%
Heavenly BodyStar
88%
Canis LupusWolf
87.2%
EnsnareTrap
82.9%
Hit with open handSlap
82.1%
Type of beerLager
70.1%
BoastBrag
66.7%
Forwards Words % Correct
Modify writingEdit
65.8%
Skin growthsWarts
65%
EmphasizedStressed
55.6%
Hold down in wrestlingPin
55.6%
Goes aroundLoops
53%
WhipFlog
46.2%
EagerAvid
45.3%
Strike lightlyTap
36.8%

You're not logged in!

Compare scores with friends on all Sporcle quizzes.
OR
Log In

Sporcle TV

Today on Sporcle TV


Watch our educational content, quiz creation guides, and fun videos on Sporcle TV.

Show Comments

Extras

Top Quizzes Today


Score Distribution

Your Account Isn't Verified!

In order to create a playlist on Sporcle, you need to verify the email address you used during registration. Go to your Sporcle Settings to finish the process.

Report this User

Report this user for behavior that violates our Community Guidelines.

Details: